1999 1704 1035 1389 1290 1136 1192 1613 1199 1753 1044 1567 1853 1716 1250 1948 1134 1800 1533 1601 1521 1951 1143 1011 1592 1893 1707 1993 1796 1253 1839 1294 1853 1143 1281 1208 1481 1515 1721 1969 1291 1950 1319 1558 1650 1160 1012 1462 1547 1251 1349 1631 1618 1455 1674 1651 1284 1964 1543 1719 1333 1681 1333 1212 1749 1710 1923 1929 1487 1879 1807 1125 1130 1694 1611 1866 1291 1289 1691 1505 1965 1538 1555 1427 1851 1203 1836 1749 1418 1639 1856 1973 1051 1772 1764 1181 1491 1616 1186 BCNSPRNW ULIB Ver.6.0+V

เปลี่ยนเป็นภาษาไทย

Change to English
 แสดงรายละเอียดบรรณานุกรม
  กลับหน้าหลัก

Brief Record : Get Marc (ISO 2709) : E-mail record : QR code < ปิดหน้าต่าง
LEADER : 00000nam 2200000uu 4500
001    13399112170
003     ULIB
008    110729s2544||||th 000 0 tha d
050 04 HD31^bพ361ค 2544
110 1  สถาบันพระบรมราชชนก
245 10 ความสามารถพื้นฐานทางด้านการบริหาร/^cสถาบันพระบรมราชชนก
260    นนทบุรี :^bสถาบันพระบรมราชชนก,^c2544
300    177 หน้า
650  7 บริหาร
650  7 บริหาร^xความสมารถ
650  7 ภาวะผู้นำ
945    ^p0^l0^i013610
945    ^p0^l0^i013611
945    ^p0^l0^i013612
995    ทศพร
999 ^a ทศพร
รายการนี้ยังไม่มีแท็ก
คุณยังไม่ได้ล็อกอิน คุณสามารถมีกิจกรรมร่วมกับเว็บไซต์ได้ แต่ต้องล็อกอินก่อน ::
  ล็อกอิน

รายการสื่อสารสนเทศ

ลำดับที่ ประเภท เลขเรียก/บาร์โค้ด สถานที่ สถานะ
- ไม่พบข้อมูล -

รายการใกล้เคียง
    หัวเรื่อง [บริหาร]
    หัวเรื่อง [ภาวะผู้นำ]

BibComment


ยังไม่เคยถูกคอมเมนท์

คอมเมนท์ทรัพยากรรายการนี้
  คอมเมนท์: ความสามารถพื้นฐาน..


 Copyright 2026. Bcnsprnw @Library